000 03273nas1a22003251i 4500
001 RU\NLR\Per\517256
005 20260407121858.0
035 _a(NLR Aleph) 002699008
090 _a4298678
_c4298678
100 _a20071114b200 2010|||y0rusy50 ca
101 0 _arus
102 _aRU
110 _azu|||||||||
200 1 _aВестник Бирской государственной социально-педагогической академии
_eнаучный журнал
_fгос. учреждение высш. проф. образования "Бир. гос. социал.-пед. акад. "
210 _aБирск
_cБирская государственная социально-педагогическая академия
_d2005 - 2010
300 _aВ надзаг. также: Федерал. агентство по образованию
311 _aПродолжается как : Башкирский государственный университет (Уфа). Бирский филиал. Вестник Бирского филиала Башкирского государственного университета
440 0 _12001#$aВестник Бирского филиала Башкирского государственного университета
_171002$3RU\NLR\AUTH\8810241597$aБашкирский государственный университет$cУфа$bБирский филиал
_tВестник Бирского филиала Башкирского государственного университета
_aБашкирский государственный университет (Уфа). Бирский филиал
517 1 _aВестник Бирской ГСПА
710 0 2 _4070
_aБирская государственная социально-педагогическая академия
_3RU\NLR\AUTH\8810070674
_9643046
801 0 _aRU
_bNLR
_gPSBO
801 1 _aRU
_bNLR
_c20071114
_2rusmarc
801 2 _aRU
_bNLR
_c20080825
_2rusmarc
852 _aNLR
_jП2/790
942 _cSE
980 _aRUSPER